Skład reprezentacji Polski vs Korea Południowa na MŚ 2002 - Statystyki

Ogólne statystyki
  • Ten quiz został rozwiązany 260 razy
  • Średni wynik to 7 z 11
Statystyki odpowiedzi
Numer Pozycja Zawodnik % Poprawnych
1 Bramkarz Jerzy Dudek
97%
11 Napastnik Emmanuel Olisadebe
79%
6 Prawy obrońca Tomasz Hajto
71%
18 Lewy pomocnik Jacek Krzynówek
68%
19 Napastnik Maciej Żurawski
65%
20 Środkowy obrońca Jacek Bąk
62%
4 Lewy obrońca Michał Żewłakow
59%
15 Środkowy obrońca Tomasz Wałdoch
52%
7 Ofensywny pomocnik Piotr Świerczewski
51%
10 Środkowy pomocnik Radosław Kałużny
44%
21 Prawy pomocnik Marek Koźmiński
38%
Nie znaleziono quizów pasujących do podanych kryteriów
Rozkład punktacji
Procent ludzi z każdym wynikiem
Percentyl według liczby udzielonych odpowiedzi
Twoja historia wyników
Nie rozwiązałeś tego quizu